000
00338 a2200157 4500
001
74417
020
_a
850805138-7
040
_c
Anchieta - Colégio São Paulo
100
_a
Portela, Fernando
240
1
0
_a
A Amazônia
_l
por
245
1
0
_a
A Amazônia
300
_a
48
362
0
_a
1996
650
4
_a
Geografia e viagens
942
_c
BK
999
_c
74417
_d
74417